| 000 | nam a22 7a 4500 | ||
|---|---|---|---|
| 999 |
_c51801 _d51801 |
||
| 003 | OSt | ||
| 005 | 20220509154408.0 | ||
| 008 | 220509b xxu||||| |||| 00| 0 eng d | ||
| 040 | _csero soft | ||
| 100 | _aDr.Agarwal,H.O | ||
| 245 | _aInternational Law & Human Right | ||
| 260 |
_aAllahabad _bCentral Law Publication |
||
| 300 | _a1011 | ||
| 942 |
_2ddc _c02 |
||